Musiques sorties en 2021 - Statistiques

Statistiques générales
  • Ce quiz a été pris 486 fois
  • Le résultat moyen est 14 sur 30
Statistiques - réponses
Hint Réponse % Correct
"La Kiffance" Naps
92%
"Bruxelles je t'aime" Angèle
86%
"Jefe" Ninho
77%
"Daddy chocolat" Koba LaD/Gazo
69%
"Petrouchka" Soso Maness/PLK
68%
"Haine&Sex" Gazo
65%
"Easy on Me" Adele
63%
"La Street" Jul/Morad
63%
"Montero (Call Me by Your Name)" Lil Nas X
59%
"Le Temps" Tayc
59%
"Beggin'" Måneskin
56%
"L'Odeur de l'essence" Orelsan
56%
"Drivers License" Olivia Rodrigo
55%
"Peaches" Justin Bieber/Daniel Caesar/Giveon
49%
"Happier Than Ever" Billie Eilish
48%
"Shivers" Ed Sheeran
45%
"Le Dernier Jour du disco" Juliette Armanet
45%
"My Universe" Coldplay/BTS
43%
"Enemy" Imagine Dragons
42%
"Cold Heart" Elton John/Dua Lipa
40%
"Respire encore" Clara Luciani
36%
"Kiss Me More" Doja Cat/SZA
36%
"TDB" Oboy
34%
"Leave the Door Open" Silk Sonic
33%
"Mapess" Niska
27%
"Près des étoiles" Soprano
23%
"Vroum Vroum" Moha K
21%
"Never Going Home" Kungs
20%
"Crack" SCH
14%
"Don't Shut Me Down" ABBA
5%
Aucun quiz correspondant
Distribution des résultats
% des personnes avec chaque résultat
Percentile par nombre de réponses
Votre historique - résultats
Vous n’avez pas pris ce quiz